| 000 | 00659nam a2200205 a 4500 | ||
|---|---|---|---|
| 005 | 20240315063649.0 | ||
| 008 | 070828s2003 mx r 000 0 spa d | ||
| 020 | _a9702603528 | ||
| 035 | _aUPN01000151526 | ||
| 049 | _aCG | ||
| 050 | 4 |
_aPQ6013 _bR6.3 |
|
| 100 | 1 | _aRomo Medrano, Elizabeth | |
| 245 | 1 | 0 |
_aGuía de estudio : _blengua y literatura españolas para bachillerato / _cElizabeth Romo Medrano. |
| 260 |
_aMéxico : _bPearson Educación, _c2003. |
||
| 300 | _a197 p. | ||
| 440 | 0 | _aGuías de estudio Pearson | |
| 650 | 4 |
_aLITERATURA ESPAÑOLA - _xESTUDIO Y ENSEÑANZA _913012 |
|
| 650 | 4 |
_aEspañol _xEstudio y enseñanza _97357 |
|
| 905 | _aLibro | ||
| 999 |
_c123662 _d123662 |
||